000 01228 a2200253 4500
005 20080910150619.0
008 080910t xxu||||| |||| 00| 0 hing d
010 _aHIN-79496
020 _a8181661680
_c250.00
035 _aHN-51842
037 _bD.B.Act / pub
082 _a
100 _aकुप्रिन, अलेक्सांद्र
245 _aश्रेष्ठ कथा-संचयन
_cअलेक्सांद्र कुप्रिन;अनुवादक मदनलाल"मधु"
246 _aShrestha Katha Sanchayan
260 _aदिल्ली
_bमेधा बुक्स
_c2006
270 _aएक्स-11, नवीन शाहदरा
_bदिल्ली
_e110032
_k22323672
_mmedhabooks@rediffmail.com
300 _a224पृ
_c22 सेमी (सजिल्द)
650 _aहिन्दी कहानियाँ
650 _aHindi Stories
700 _aमदनलाल "मधु"
942 _adpl
_cHN
_kक / कुप्रिन
_2ddc
_h
_m कुप्रिन
999 _c2858
_d2858